<?xml version="1.0" encoding="UTF-8"?>
<collection xmlns="http://www.loc.gov/MARC21/slim">
 <record>
  <leader>01856nam a2200229Ia 4500</leader>
  <controlfield tag="001">CTU_39555</controlfield>
  <controlfield tag="008">210402s9999    xx            000 0 und d</controlfield>
  <datafield tag="020" ind1=" " ind2=" ">
   <subfield code="c">24000</subfield>
  </datafield>
  <datafield tag="082" ind1=" " ind2=" ">
   <subfield code="a">843.7</subfield>
  </datafield>
  <datafield tag="082" ind1=" " ind2=" ">
   <subfield code="b">B198e</subfield>
  </datafield>
  <datafield tag="100" ind1=" " ind2=" ">
   <subfield code="a">Balzac, Honore de</subfield>
  </datafield>
  <datafield tag="245" ind1=" " ind2="0">
   <subfield code="a">Ogiêni Gơrăngđê =</subfield>
  </datafield>
  <datafield tag="245" ind1=" " ind2="0">
   <subfield code="b">Eugénie Grandet , Tiểu thuyết</subfield>
  </datafield>
  <datafield tag="245" ind1=" " ind2="0">
   <subfield code="c">Ônôrê Đơ Banzăc ; Người dịch: Huỳnh Lý ; Người giới thiệu: Linh Giang</subfield>
  </datafield>
  <datafield tag="260" ind1=" " ind2=" ">
   <subfield code="a">Hà Nội</subfield>
  </datafield>
  <datafield tag="260" ind1=" " ind2=" ">
   <subfield code="b">Văn Học</subfield>
  </datafield>
  <datafield tag="260" ind1=" " ind2=" ">
   <subfield code="c">1998</subfield>
  </datafield>
  <datafield tag="520" ind1=" " ind2=" ">
   <subfield code="a">Ơgiêni Grăngđê, là câu chuyện của một người con gái, một người đàn bà sống giữa cõi trần mà không phải là người cõi trần, có khả năng tuyệt vời để làm vợ, làm mẹ, nhưng lại không chồng, không con, không thân thích, câu chuyện nàng Ơgiêni tội nghiệp ở tỉnh nhỏ Xômuya. Ơgiêni Grăngđê cũng là bản ký sự quá trình tích lũy đẫm máu của một tên tư sản mà thói keo bẩn trở thành tập quán luôn tồn tại trong người như một bản năng - lão Grăngđê. Ơgiêni Grăngđê còn là lịch sử phát triển, lịch sử sinh sôi nảy nở của đồng tiền vàng - đồng tiền tư bản. Ơgiêni Grăngđê hơn thế, là lịch sử của một thời đại, một xã hội - thời đại nước Pháp, xã hội nước Pháp ba mươi năm đầu thế kỷ XIX, nhìn ở sự biến đổi của nó</subfield>
  </datafield>
  <datafield tag="650" ind1=" " ind2=" ">
   <subfield code="a">French fiction,French literature</subfield>
  </datafield>
  <datafield tag="650" ind1=" " ind2=" ">
   <subfield code="y">19th century,19th century</subfield>
  </datafield>
  <datafield tag="904" ind1=" " ind2=" ">
   <subfield code="i">Huỳnh Mai</subfield>
  </datafield>
  <datafield tag="980" ind1=" " ind2=" ">
   <subfield code="a">Trung tâm Học liệu Trường Đại học Cần Thơ</subfield>
  </datafield>
 </record>
</collection>
